Сел и поехал. [5]: Из рая в ад (Запись № 11278919)

Подробности
000 -МАРКЕР
контрольное поле 01973nam2a2200409 4500
001 - ИДЕНТИФИКАТОР ЗАПИСИ
контрольное поле RU\NLR\BIBL_A\011357097
005 - ИДЕНТИФИКАТОР ВЕРСИИ
контрольное поле 20260607083739.0
021 ## - НОМЕР ГОСУДАРСТВЕННОЙ РЕГИСТРАЦИИ
Код страны Российская Федерация
Номер 2017-13253
Номер Листа государственной регистраци 975
035 ## - ДРУГИЕ СИСТЕМНЫЕ НОМЕРА
Идентификатор записи (RuMoRGB)008806885
035 ## - ДРУГИЕ СИСТЕМНЫЕ НОМЕРА
Идентификатор записи (NLR Aleph) 011357097
100 ## - ДАННЫЕ ОБЩЕЙ ОБРАБОТКИ
Данные общей обработки 20170331d2016 |||y0rusy50 ca
101 0# - ЯЗЫК РЕСУРСА
Язык текста, звукозаписи и т.д. русский
102 ## - СТРАНА ПУБЛИКАЦИИ ИЛИ ПРОИЗВОДСТВА
Страна публикации Российская Федерация
105 ## - ПОЛЕ КОДИРОВАННЫХ ДАННЫХ: ТЕКСТОВЫЕ МАТЕРИАЛЫ, МОНОГРАФИЧЕСКИЕ
Кодированные данные о монографическом текстовом документе a z 000zy
200 0# - ЗАГЛАВИЕ И СВЕДЕНИЯ ОБ ОТВЕТСТВЕННОСТИ
Основное заглавие Из рая в ад
Сведения, относящиеся к заглавию [Крым-Донбасс]
210 ## - ПУБЛИКАЦИЯ, РАСПРОСТРАНЕНИЕ И ДР.
Дата издания, распространения и т.д. 2016
Место издания, распространения и т.д. Б. м.
215 ## - ФИЗИЧЕСКАЯ ХАРАКТЕРИСТИКА
Специфическое обозначение материала и объем 77 с., [22] л. цв. ил.
333 ## - ПРИМЕЧАНИЯ ОБ ОСОБЕННОСТЯХ РАСПРОСТРАНЕНИЯ И ИСПОЛЬЗОВАНИЯ
Текст примечания 12+
461 #0 - УРОВЕНЬ НАБОРА
Встроенное поле 001RU\NLR\BIBL_A\010471510
-- 2001#$aСел и поехал$e[очерки]$fПавел Кобяк$v[5]
-- 700#1$aКобяк$bП. Ф.$gПавел Федорович$4070
Системный номер (АБИС) связанной записи 10021878
Автор Кобяк, П. Ф.
Место публикации Санкт-Петербург
Дата публикации 2014
Первые сведения об ответственности Павел Кобяк
Имя издателя, распространителя и т.д. Амфора
Сведения, относящиеся к заглавию [очерки]
Заглавие Сел и поехал
Номер тома [5]
606 1# - НАИМЕНОВАНИЕ ТЕМЫ КАК ПРЕДМЕТ
Наименование темы Мотоциклетный туризм
Географический подзаголовок Донецкая область
Системный номер авторитетной/нормативной записи 2323044
Идентификатор авторитетной/нормативной записи RU\NLR\AUTH\6601614336
606 1# - НАИМЕНОВАНИЕ ТЕМЫ КАК ПРЕДМЕТ
Наименование темы Мотоциклетный туризм
Географический подзаголовок Луганская область
Системный номер авторитетной/нормативной записи 2323049
Идентификатор авторитетной/нормативной записи RU\NLR\AUTH\6601614338
606 1# - НАИМЕНОВАНИЕ ТЕМЫ КАК ПРЕДМЕТ
Наименование темы Мотоциклетный туризм
Географический подзаголовок Крым
Системный номер авторитетной/нормативной записи 2323036
Идентификатор авторитетной/нормативной записи RU\NLR\AUTH\6601614333
606 1# - НАИМЕНОВАНИЕ ТЕМЫ КАК ПРЕДМЕТ
Наименование темы Туристские маршруты
Географический подзаголовок Крым, Республика
Системный номер авторитетной/нормативной записи 2507570
Идентификатор авторитетной/нормативной записи RU\NLR\AUTH\6601701958
606 ## - НАИМЕНОВАНИЕ ТЕМЫ КАК ПРЕДМЕТ
Наименование темы Туристские маршруты
Географический подзаголовок Донецкая область
Системный номер авторитетной/нормативной записи 1820225
Идентификатор авторитетной/нормативной записи RU\NLR\AUTH\661114573
606 ## - НАИМЕНОВАНИЕ ТЕМЫ КАК ПРЕДМЕТ
Наименование темы Туристские маршруты
Географический подзаголовок Луганская Народная Республика
Идентификатор авторитетной/нормативной записи RU\NLR\AUTH\6601741841
Системный номер авторитетной/нормативной записи 2592815
686 1# - ИНДЕКСЫ ДРУГИХ КЛАССИФИКАЦИЙ
Индекс Ч518.113.764(2Ук-4До)
686 1# - ИНДЕКСЫ ДРУГИХ КЛАССИФИКАЦИЙ
Индекс Ч518.115(2Ук-4До)
686 1# - ИНДЕКСЫ ДРУГИХ КЛАССИФИКАЦИЙ
Индекс Ч518.113.764(2Ук-4Л)
686 1# - ИНДЕКСЫ ДРУГИХ КЛАССИФИКАЦИЙ
Индекс Ч518.115(2Ук-4Л)
686 1# - ИНДЕКСЫ ДРУГИХ КЛАССИФИКАЦИЙ
Индекс Ч518.113.764(2Р-6Крм)
686 1# - ИНДЕКСЫ ДРУГИХ КЛАССИФИКАЦИЙ
Индекс Ч518.115(2Р-6Крм)
942 ## - ДОПОЛНИТЕЛЬНЫЕ ЭЛЕМЕНТЫ ЗАПИСИ (АБИС)
Тип экземпляра АБИС Книга
980 ## - КОЛЛЕКЦИЯ
Название коллекции НБР
980 ## - КОЛЛЕКЦИЯ
Название коллекции Национальная библиография
Экземпляры
Тип экземпляра Дата поступления Источник поступления Библиотека постоянного хранения Библиотека текущего хранения Место хранения Шифр хранения Штрих-код Статус экземпляра
Книга 31.03.2017 Обязательный экземпляр РНБ (Московский) РНБ (Московский) Русский книжный фонд: издания с 1957 года 2013-5/5899 1-1786961  
Книга 31.03.2017 Обязательный экземпляр РНБ (Московский) РНБ (Московский) Русский книжный фонд: издания с 1957 года 2013-5/5899 1-1786962